| 000 | 00640 a2200169 4500 | ||
|---|---|---|---|
| 999 |
_c399 _d399 |
||
| 020 | _a9781444108316 (pbk.) | ||
| 050 | 0 | 0 | _aBF121. GRO 2010 |
| 100 | 1 | _aGross, Richard D. | |
| 245 | 1 | 0 |
_aPsychology : _bthe science of mind and behaviour / _cRichard Gross. |
| 264 |
_aLondon: _bHodder education., _c2010 |
||
| 300 |
_aviii, 902 p. : _bill. (some col.) ; |
||
| 500 | _aIncludes bibliographical references (p. [824]-874) and index. | ||
| 504 | _aIncludes bibliographical references (p. [824]-874) and index. | ||
| 650 | 0 | _aPsychology. | |
| 942 |
_2lcc _cBK _h121 _iGRO _kBF |
||